| 000 | 00582pam a2200229 a 4500 | ||
|---|---|---|---|
| 001 | 1967013 | ||
| 005 | 20180117034433.0 | ||
| 008 | 880216s1988 nyua b 001 0 eng c | ||
| 010 | _a 88045079 | ||
| 020 | _a0898627834 | ||
| 040 |
_aDNLM/DLC _cDLC _dDLC |
||
| 041 | _aeng | ||
| 060 | _a304.6072 | ||
| 080 | _a304.6072 | ||
| 082 | 0 | 0 |
_a304.6072 NEW _219 |
| 100 | 1 | _a42 | |
| 101 | _aGJEO | ||
| 245 | 1 | 0 |
_aMethods and models in demography / _cColin Newell. |
| 504 | _aBibliography: p. [211]-214. | ||
| 906 |
_a7 _bcbc _corignew _d1 _eocip _f19 _gy-gencatlg |
||
| 942 |
_2ddc _cBK |
||
| 999 |
_c40396 _d40396 |
||